Central Library OPAC University of Rajshahi

Medieval political ideas / (Record no. 35625)

MARC details
000 -LEADER
fixed length control field 00764nam a2200253 4500
001 - CONTROL NUMBER
control field 35625
003 - CONTROL NUMBER IDENTIFIER
rucl marc code BD-RjUL
005 - DATE AND TIME OF LATEST TRANSACTION
control field 20211209052344.0
008 - FIXED-LENGTH DATA ELEMENTS--GENERAL INFORMATION
fixed length control field 140528s1954 nyu b 001 0 eng d
035 ## - SYSTEM CONTROL NUMBER
System control number (BD-RjUL)35720
040 ## - CATALOGING SOURCE
Original cataloging agency DLC
Transcribing agency DLC
Modifying agency DLC
-- BD-RjUL
Language of cataloging eng
041 ## - LANGUAGE CODE
Language code of text/sound track or separate title eng
082 00 - DEWEY DECIMAL CLASSIFICATION NUMBER
Classification number 320.902
Author mark and year LEM V-1 1954
100 1# - MAIN ENTRY--PERSONAL NAME
Personal name Lewis, Ewart,
Dates associated with a name -1968,
9 (RLIN) 108471
245 10 - TITLE STATEMENT
Title Medieval political ideas /
Statement of responsibility, etc. Ewart Lewis
Number of part/section of a work Volume One
260 ## - PUBLICATION, DISTRIBUTION, ETC. (IMPRINT)
Place of publication, distribution, etc. New York :
Name of publisher, distributor, etc. Knopf,
Date of publication, distribution, etc. 1954.
300 ## - PHYSICAL DESCRIPTION
Pagination xii, 356 p.;
Size 26 cm.
504 ## - BIBLIOGRAPHY, ETC. NOTE
Bibliography, etc Includes bibliographical references. and Index
650 #0 - SUBJECT ADDED ENTRY--TOPICAL TERM
Topical term or geographic name as entry element Political science
General subdivision History
Chronological subdivision To 1500.
9 (RLIN) 108472
Topical term or geographic name as entry element Constitutional history, Medieval.
9 (RLIN) 497
942 ## - ADDED ENTRY ELEMENTS (KOHA)
Source of classification or shelving scheme Dewey Decimal Classification
Koha item type Books
Holdings
Lost status Source of classification or shelving scheme Damaged status Not for loan Collection code Permanent Location Current Location Shelving location Date acquired Source of acquisition Cost, normal purchase price Total Checkouts Full call number Date last seen Copy number Koha item type
  Dewey Decimal Classification     Non-fiction Central Library, University of Rajshahi Central Library, University of Rajshahi   11/03/1958 H. C. Commer 0.00   320.902 LEM V-1 1954 28/05/2014 C-2 Books
  Dewey Decimal Classification   Not For Loan Non-fiction Central Library, University of Rajshahi Central Library, University of Rajshahi Reading Room 25/11/1957 Pak-American Com. 16.00   320.902 LEM V-1 1954 28/05/2014 C-1 Books
  Dewey Decimal Classification     Non-fiction Central Library, University of Rajshahi Central Library, University of Rajshahi   03/03/1958 Mahammud Dacca 36.00   320.902 LEM V-1 1954 29/05/2014 C-3 Books